[Event "Prague Int Open 2026"]
[Site "Prague CZE"]
[Date "2026.03.02"]
[Round "5.2"]
[White "Korszanski, Stanislaw"]
[Black "Krzyzanowski, Marcin"]
[Result "1/2-1/2"]
[WhiteTitle "CM"]
[BlackTitle "GM"]
[WhiteElo "2175"]
[BlackElo "2494"]
[WhiteFideId "21059470"]
[BlackFideId "1132199"]
[EventDate "2026.02.26"]

1. e4 c5 2. Nf3 Nc6 3. d4 cxd4 4. Nxd4 e5 5. Nb5 d6 6. N1c3 a6 7. Na3 Be6 8. Nc4
Rb8 9. Nd5 Bxd5 10. exd5 Nce7 11. g4 Nf6 12. a4 h6 13. g5 hxg5 14. Bxg5 Ne4 15.
Be3 Nf5 16. Ba7 Rc8 17. Qf3 g6 18. Qxe4 Rh4 19. Qf3 Rcxc4 20. Bxc4 Rxc4 21. Qd3
Rb4 22. c3 Rh4 23. Kd1 Qd7 24. a5 Bh6 25. Kc2 Rh3 26. Qc4 Rh4 27. Qd3 Rh3 28.
Qc4 Kf8 29. Bb6 Rh4 30. Qc7 Qb5 31. Qxb7 Qe2+ 32. Kb3 Qb5+ 33. Kc2 Qe2+ 34. Kb3
Qc4+ 35. Kc2 Qe4+ 36. Kb3 Qc4+ 37. Kc2 Nd4+ 38. Bxd4 exd4 39. Rad1 dxc3 40. bxc3
Qe2+ 41. Kb3 Qc4+ 42. Kb2 Qe2+ 43. Kb3 Qc4+ 44. Kb2 1/2-1/2

[Event "Prague Int Open 2026"]
[Site "Prague CZE"]
[Date "2026.03.02"]
[Round "5.3"]
[White "Sasikiran, Krishnan"]
[Black "Gloeckler, Christian"]
[Result "1/2-1/2"]
[WhiteTitle "GM"]
[BlackTitle "IM"]
[WhiteElo "2538"]
[BlackElo "2444"]
[WhiteFideId "5004985"]
[BlackFideId "34608966"]
[EventDate "2026.02.26"]

1. d4 Nf6 2. c4 e6 3. Nf3 d5 4. g3 Be7 5. Bg2 O-O 6. O-O Nbd7 7. Qc2 a5 8. Bf4
c6 9. Rc1 b6 10. cxd5 cxd5 11. Nc3 Ba6 12. a4 Nh5 13. Bd2 Nhf6 14. Nb5 Bxb5 15.
axb5 Bd6 16. Qa4 Ne4 17. Rc6 Nxd2 18. Nxd2 Nf6 19. Rac1 g6 20. Qc2 Kg7 21. e4
dxe4 22. Bxe4 Bb4 23. Nf3 Ra7 24. Qe2 Bd6 25. Kg2 a4 26. Ra1 a3 27. bxa3 Rxa3
28. Rxa3 Bxa3 29. Bd3 Bd6 30. Bc4 Ng8 31. Bd3 1/2-1/2

[Event "Prague Int Open 2026"]
[Site "Prague CZE"]
[Date "2026.03.02"]
[Round "5.4"]
[White "Sahidi, Samir"]
[Black "Nurman, Alua"]
[Result "1/2-1/2"]
[WhiteTitle "IM"]
[BlackTitle "WGM"]
[WhiteElo "2522"]
[BlackElo "2363"]
[WhiteFideId "14936372"]
[BlackFideId "13729390"]
[EventDate "2026.02.26"]

1. d4 Nf6 2. Nf3 g6 3. c4 Bg7 4. g3 c5 5. Bg2 d5 6. cxd5 O-O 7. dxc5 Qxd5 8. O-O
Qxc5 9. Qd4 Qh5 10. Nc3 Nc6 11. Qh4 Qxh4 12. Nxh4 Be6 13. Be3 Ng4 14. Bc5 Rac8
15. Rfd1 b6 16. Bxc6 bxc5 17. Nd5 Kh8 18. Ba4 Bxd5 19. Rxd5 Bxb2 20. Rad1 Nf6
21. R5d2 Be5 22. Nf3 Bd6 23. Rc2 Rfd8 24. Bb3 Kg7 25. Rdc1 Rb8 26. Ne1 Rdc8 27.
Nd3 Rb5 28. Kf1 Ra5 29. Nb2 Nd7 30. Nc4 Ra6 31. Rd1 Ne5 32. Nxe5 Bxe5 33. Rd7
Bd6 34. Rb7 Ra5 35. e3 Rc7 36. Rxc7 Bxc7 37. Ke2 Rb5 38. Rc4 Bb6 39. Kd3 Rb4 40.
Rxb4 cxb4 41. Kc4 a5 42. Kd5 1/2-1/2

[Event "Prague Int Open 2026"]
[Site "Prague CZE"]
[Date "2026.03.02"]
[Round "5.5"]
[White "Mayank, Chakraborty"]
[Black "Svanda, Ondrej"]
[Result "1-0"]
[WhiteTitle "IM"]
[BlackTitle "IM"]
[WhiteElo "2473"]
[BlackElo "2366"]
[WhiteFideId "25659766"]
[BlackFideId "359670"]
[EventDate "2026.02.26"]

1. e4 c5 2. Nf3 Nc6 3. d4 cxd4 4. Nxd4 Nf6 5. Nc3 e5 6. Ndb5 d6 7. Bg5 a6 8. Na3
b5 9. Bxf6 gxf6 10. Nd5 Bg7 11. Qh5 Ne7 12. Nxe7 Qxe7 13. c3 f5 14. exf5 d5 15.
Nc2 d4 16. cxd4 exd4+ 17. Kd2 O-O 18. Bd3 Qd6 19. Rhe1 Bb7 20. f6 Qf4+ 21. Ke2
Bh6 22. Kf1 Qxf6 23. Be4 Bxe4 24. Rxe4 Rad8 25. Rd1 Rfe8 26. Rxe8+ Rxe8 27. Rxd4
Bg7 28. b3 Qc6 29. Rd2 Qc3 30. Qd1 Qa5 31. Ne3 Bh6 32. Qg4+ Kf8 33. Qd4 Bxe3 34.
fxe3 Kg8 35. Kf2 Qc7 36. Qg4+ Kf8 37. Qh5 Qc3 38. Qh6+ Kg8 39. Rd4 Qc2+ 40. Kg3
Qc7+ 41. Kf3 Re6 42. Qg5+ Rg6 43. Qd8+ Qxd8 44. Rxd8+ Kg7 45. e4 Rc6 46. Rd2 a5
47. Rd5 Rc2 48. a4 b4 49. Rd3 Rb2 50. h4 Kf6 51. g4 Rh2 52. Kg3 Re2 53. Kf4 h6
54. e5+ Kg7 55. h5 Re1 56. Re3 Rf1+ 57. Rf3 Re1 58. Kf5 Rg1 59. Re3 Rf1+ 60. Ke4
Rg1 61. Kd5 Rxg4 62. Kc5 Rg1 63. Kb5 Rc1 64. Kxa5 Rc3 65. Re2 Rxb3 66. Kb5 Rb1
67. a5 b3 68. a6 b2 69. Kb6 1-0

[Event "Prague Int Open 2026"]
[Site "Prague CZE"]
[Date "2026.03.02"]
[Round "5.6"]
[White "Atalik, Ekaterina"]
[Black "Ioannidis, Evgenios"]
[Result "0-1"]
[WhiteTitle "IM"]
[BlackTitle "GM"]
[WhiteElo "2348"]
[BlackElo "2469"]
[WhiteFideId "4130189"]
[BlackFideId "4229274"]
[EventDate "2026.02.26"]

1. d4 d5 2. c4 e6 3. Nc3 c6 4. e3 Nd7 5. Nf3 f5 6. Bd3 a6 7. h3 b5 8. cxd5 cxd5
9. g4 g6 10. Rg1 Ngf6 11. gxf5 exf5 12. Qb3 Bb7 13. a4 b4 14. Ne2 a5 15. Ne5 Bd6
16. Bb5 O-O 17. Bxd7 Nxd7 18. Nxg6 hxg6 19. Rxg6+ Kh7 20. Rxd6 Qe7 21. Rxd5 Qf7
22. Rxd7 Qxd7 23. Bd2 Rac8 24. Ng3 Bf3 25. Qd3 Qe6 26. b3 Kh8 27. Rc1 f4 28.
Rxc8 Qxc8 29. Qg6 Qxh3 30. exf4 Qh7 31. Qxh7+ Kxh7 32. f5 Bd5 33. Bf4 Bxb3 34.
Be5 Bd5 35. Kd2 Rc8 36. Nh5 b3 37. Nf6+ Kh6 38. Nxd5 b2 0-1

[Event "Prague Int Open 2026"]
[Site "Prague CZE"]
[Date "2026.03.02"]
[Round "5.7"]
[White "Zhao, Yuanhe"]
[Black "Prazak, Daniel"]
[Result "1-0"]
[WhiteTitle "IM"]
[BlackTitle "FM"]
[WhiteElo "2466"]
[BlackElo "2332"]
[WhiteFideId "8609497"]
[BlackFideId "23709456"]
[EventDate "2026.02.26"]

1. c4 e6 2. Nf3 d5 3. e3 Nf6 4. b3 b6 5. Bb2 Bb7 6. cxd5 exd5 7. g3 Nbd7 8. Bg2
Bd6 9. O-O O-O 10. Nc3 a6 11. Rc1 Re8 12. Re1 Rc8 13. Re2 h6 14. d3 b5 15. d4
Ne4 16. Rec2 Nxc3 17. Bxc3 b4 18. Bd2 Qe7 19. Ne1 a5 20. Nd3 c6 21. Be1 f5 22.
a3 bxa3 23. Bxa5 Nf6 24. Nc5 Ne4 25. Bb4 Ra8 26. Ra1 Nxc5 27. Bxc5 Bxc5 28. Rxc5
Ra7 29. Qd3 Qd7 30. b4 Rea8 31. Qb3 Kh7 32. Ra5 Rxa5 33. bxa5 Rxa5 34. Rxa3 Rxa3
35. Qxa3 Bc8 36. Bf1 Qe6 37. Bd3 g6 38. h4 h5 39. Kf1 Kg7 40. Qc5 Kf7 41. Qa7+
Qe7 42. Qb8 Qb7 43. Qd6 Qb6 44. Kg2 Be6 45. Bf1 Qb7 46. Qc5 Bd7 47. Bd3 Be8 48.
Qd6 Qe7 49. Qxe7+ Kxe7 50. Kf3 Bd7 51. Ba6 Be6 52. Kf4 Kf6 53. Bb7 Bd7 54. f3
Ke6 55. Kg5 Kf7 56. Kh6 Kf6 57. Kh7 Kf7 58. Ba6 Be6 59. Bd3 Kf6 60. Kh6 Bd7 61.
Bc2 Be8 62. e4 Bf7 63. e5+ Ke7 64. Kg7 Be8 65. Bd3 Bf7 66. f4 Be8 67. Be2 Bf7
68. Ba6 Be8 69. Bb7 c5 70. dxc5 d4 71. Ba6 Bc6 72. Kxg6 Be4 73. Kxh5 Kf7 74. Kg5
d3 75. Bc4+ Kg7 76. h5 d2 77. h6+ Kh7 78. Be2 Bc2 79. c6 1-0

[Event "Prague Int Open 2026"]
[Site "Prague CZE"]
[Date "2026.03.02"]
[Round "5.8"]
[White "Vardanyan, Aras"]
[Black "Haring, Filip"]
[Result "1/2-1/2"]
[WhiteTitle "FM"]
[BlackTitle "GM"]
[WhiteElo "2366"]
[BlackElo "2461"]
[WhiteFideId "12808792"]
[BlackFideId "14933080"]
[EventDate "2026.02.26"]

1. d4 Nf6 2. c4 e6 3. Nf3 Bb4+ 4. Nbd2 O-O 5. a3 Be7 6. e4 d6 7. Be2 Nfd7 8. b4
e5 9. d5 a5 10. Bb2 c5 11. b5 Nb6 12. Qc2 f5 13. exf5 Bxf5 14. Bd3 Bxd3 15. Qxd3
Qe8 16. O-O N8d7 17. Rae1 Qh5 18. Bc1 Rf7 19. Ne4 Qg6 20. Kh1 Raf8 21. Bd2 a4
22. Rg1 Nc8 23. Re3 Ndb6 24. Ba5 Bd8 25. Bxb6 Nxb6 26. Rf1 Rf4 27. Nfd2 Be7 28.
Kg1 Qh6 29. Rh3 Qg6 30. Re1 Qf5 31. Rf3 Rxf3 32. Nxf3 g5 33. Nfd2 g4 34. Qe3 Qg6
35. h3 h5 36. hxg4 hxg4 37. Kf1 Rf4 38. g3 Rf5 39. Kg2 Rh5 40. Rh1 Rxh1 41. Kxh1
Bf8 42. Qe2 Bh6 43. Nf1 Bc1 44. Nh2 Bxa3 45. Nxg4 Bc1 46. Ngf6+ Kg7 47. f4 exf4
48. Nxd6 Kxf6 49. Qe6+ Kg7 50. Nf5+ Kh7 51. Qe7+ Kg8 52. Qd8+ Kf7 53. Qe7+ Kg8
54. Qd8+ 1/2-1/2

[Event "Prague Int Open 2026"]
[Site "Prague CZE"]
[Date "2026.03.02"]
[Round "5.9"]
[White "Kourousis, Epameinondas"]
[Black "Cnejev, Vladimir-Alexandru"]
[Result "1/2-1/2"]
[WhiteTitle "IM"]
[BlackTitle "FM"]
[WhiteElo "2327"]
[BlackElo "2414"]
[WhiteFideId "4211626"]
[BlackFideId "1260898"]
[EventDate "2026.02.26"]

1. Nf3 Nf6 2. g3 g6 3. Bg2 Bg7 4. d4 O-O 5. O-O d6 6. a4 a5 7. Nbd2 Nc6 8. e4 e5
9. dxe5 dxe5 10. c3 b6 11. Re1 Ba6 12. Bf1 Bxf1 13. Kxf1 Qd7 14. Qe2 Rad8 15.
Nc4 h6 16. Kg2 Qe6 17. Na3 Nd7 18. Be3 f5 19. exf5 gxf5 20. Rad1 Nf6 21. Qc4 Nd5
22. Bc1 Rfe8 23. Nh4 Nce7 24. Kg1 Kh7 25. Nc2 Qf7 26. Ne3 c6 27. Qb3 e4 28. Nhg2
Kg8 29. Nxd5 Nxd5 30. Be3 Bf8 31. Bd4 Rd7 32. Ne3 Nxe3 33. Qxf7+ Kxf7 34. Bxe3
Red8 35. Rxd7+ Rxd7 36. Ra1 c5 37. Kf1 Ke6 38. Ke2 h5 39. h3 Bd6 40. Rd1 h4 41.
Bf4 Bxf4 42. Rxd7 Ke5 1/2-1/2

[Event "Prague Int Open 2026"]
[Site "Prague CZE"]
[Date "2026.03.02"]
[Round "5.10"]
[White "Haug, Havard"]
[Black "Utsab, Chatterjee"]
[Result "1-0"]
[WhiteTitle "FM"]
[BlackTitle "IM"]
[WhiteElo "2412"]
[BlackElo "2312"]
[WhiteFideId "1547887"]
[BlackFideId "46609148"]
[EventDate "2026.02.26"]

1. e4 c5 2. c3 Nf6 3. e5 Nd5 4. Nf3 Nc6 5. Bc4 Nb6 6. Bb3 d6 7. exd6 Qxd6 8. O-O
g6 9. d4 cxd4 10. Ng5 Nd8 11. Ne4 Qd7 12. Re1 Bg7 13. Bh6 O-O 14. Bxg7 Kxg7 15.
cxd4 e6 16. Nbc3 Nc6 17. d5 exd5 18. Nxd5 Rd8 19. Nef6 Qf5 20. Ne8+ Kh6 21. Qc1+
Qg5 22. Qc3 Rxe8 23. Rxe8 Nxd5 24. Bxd5 Qxd5 25. Rxc8 Rxc8 26. Qh3+ Kg7 27. Qxc8
Qb5 28. b3 Qe5 29. Rf1 Qe7 30. h3 a5 31. Qg4 Qe5 32. Qd1 Qb2 33. Qa1 Qxa1 34.
Rxa1 Nb4 35. a3 Nc2 36. Ra2 Nd4 37. b4 axb4 38. axb4 b5 39. Ra5 Kf6 40. Ra6+ Ke5
41. Ra7 Ke6 42. Rb7 h5 43. f3 h4 44. Kf2 g5 45. g3 hxg3+ 46. Kxg3 f5 47. f4 Ne2+
48. Kf3 Nxf4 49. h4 Nh3 50. h5 Nf4 51. h6 Ng6 52. h7 1-0

[Event "Prague Int Open 2026"]
[Site "Prague CZE"]
[Date "2026.03.02"]
[Round "5.11"]
[White "Jares, Michal"]
[Black "Risteski, Emil"]
[Result "1/2-1/2"]
[WhiteTitle "FM"]
[BlackTitle "IM"]
[WhiteElo "2324"]
[BlackElo "2410"]
[WhiteFideId "386839"]
[BlackFideId "15005267"]
[EventDate "2026.02.26"]

1. Nf3 d6 2. d4 Nf6 3. c4 g6 4. g3 Bg7 5. Bg2 O-O 6. O-O Bf5 7. b3 a5 8. Nc3 Ne4
9. Bb2 Nxc3 10. Bxc3 Be4 11. Qd2 c6 12. Rfd1 Nd7 13. Rac1 e6 14. e3 d5 15. Qe2
g5 16. Bf1 Bg6 17. Nd2 Nf6 18. Bg2 h6 1/2-1/2

[Event "Prague Int Open 2026"]
[Site "Prague CZE"]
[Date "2026.03.02"]
[Round "5.12"]
[White "Eliseev, Sergey"]
[Black "Smolik, Jachym"]
[Result "0-1"]
[WhiteTitle "FM"]
[BlackTitle "FM"]
[WhiteElo "2303"]
[BlackElo "2401"]
[WhiteFideId "1534734"]
[BlackFideId "23701641"]
[EventDate "2026.02.26"]

1. d4 Nf6 2. Nf3 e6 3. Bg5 h6 4. Bh4 b6 5. e3 Bb7 6. Nbd2 d6 7. Bb5+ c6 8. Bd3
g5 9. Bg3 Nh5 10. O-O Bg7 11. Ne5 Nxg3 12. Nxf7 Kxf7 13. fxg3+ Ke7 14. Qh5 Rf8
15. Qg6 Rxf1+ 16. Rxf1 Qg8 17. h4 Nd7 18. hxg5 hxg5 19. Ne4 Bxd4 0-1

[Event "Prague Int Open 2026"]
[Site "Prague CZE"]
[Date "2026.03.02"]
[Round "5.13"]
[White "Bulmaga, Irina"]
[Black "Harish, Neeraj"]
[Result "1-0"]
[WhiteTitle "IM"]
[BlackTitle "CM"]
[WhiteElo "2395"]
[BlackElo "2223"]
[WhiteFideId "13903063"]
[BlackFideId "30958130"]
[EventDate "2026.02.26"]

1. e4 c5 2. Nf3 Nc6 3. Bb5 e6 4. O-O Nge7 5. d4 cxd4 6. Nxd4 Ng6 7. Be3 Be7 8.
c3 O-O 9. Nd2 Nxd4 10. cxd4 b6 11. Qe2 Bb7 12. Ba6 Bxa6 13. Qxa6 f5 14. f3 Qc8
15. Qd3 Qb7 16. g3 Rac8 17. Rac1 Bd6 18. Bf2 b5 19. Rxc8 Rxc8 20. exf5 exf5 21.
Qxf5 Rf8 22. Qe4 Qxe4 23. Nxe4 Bb4 24. Kg2 Rc8 25. Nc5 d6 26. Ne4 Rc2 27. a3 Ba5
28. b4 Bb6 29. Nxd6 Bxd4 30. Nxb5 Bb2 31. Rd1 a6 32. Nd4 Rc3 33. a4 Rc4 34. b5
axb5 35. axb5 Rb4 36. Rb1 Ne5 37. Nc6 Nxc6 38. bxc6 1-0

[Event "Prague Int Open 2026"]
[Site "Prague CZE"]
[Date "2026.03.02"]
[Round "5.14"]
[White "Saatdjian, Thomas"]
[Black "Ostensen, Nicolai Maxime"]
[Result "0-1"]
[WhiteTitle "FM"]
[BlackTitle "FM"]
[WhiteElo "2299"]
[BlackElo "2380"]
[WhiteFideId "634921"]
[BlackFideId "1546970"]
[EventDate "2026.02.26"]

1. d4 Nf6 2. c4 g6 3. Nc3 Bg7 4. e4 d6 5. Nf3 O-O 6. Be2 Nbd7 7. O-O e5 8. Qc2
Qe7 9. Rd1 c6 10. Bf1 exd4 11. Nxd4 Nc5 12. f3 Ne6 13. Nxe6 Bxe6 14. Qf2 Nd7 15.
Be3 a6 16. Bd4 Rfd8 17. Bxg7 Kxg7 18. a4 a5 19. Nd5 cxd5 20. cxd5 Bg4 21. Qd4+
Ne5 22. fxg4 Rdc8 23. Rd2 Rc5 24. h3 Rac8 25. b4 axb4 26. Qxb4 Rc2 27. Rad1 Qh4
28. Qd4 Rxd2 29. Qxd2 Qg3 30. Qf2 Qb3 31. Re1 Qxa4 32. g5 Qb4 33. Kh1 Kg8 34.
Kg1 b5 35. Ra1 Qxe4 36. Bxb5 Qxd5 37. Bf1 Qe6 38. Rd1 Qe7 39. Qd2 Rd8 40. Kh1
Kg7 41. Re1 Rc8 42. Rd1 Rc6 43. Qf4 Rc3 44. Qf6+ Qxf6 45. gxf6+ Kxf6 46. Rxd6+
Kf5 47. Rd4 h5 48. Kg1 Rxh3 49. Kf2 Ra3 50. Be2 f6 51. Rb4 Ra2 52. Rb6 h4 53.
Ke3 g5 54. Rd6 Ra3+ 55. Kf2 g4 56. Bf1 Ra2+ 57. Ke3 Rxg2 58. Rxf6+ Kxf6 59. Bxg2
Kg5 60. Kf2 Kf4 0-1

[Event "Prague Int Open 2026"]
[Site "Prague CZE"]
[Date "2026.03.02"]
[Round "5.15"]
[White "Holtel, Jasper"]
[Black "Avanesyan, Aleksandr"]
[Result "0-1"]
[WhiteTitle "FM"]
[WhiteElo "2376"]
[BlackElo "2091"]
[WhiteFideId "12956376"]
[BlackFideId "13317334"]
[EventDate "2026.02.26"]

1. Nf3 d5 2. e3 Nf6 3. c4 c6 4. Nc3 e6 5. b3 Nbd7 6. Qc2 Be7 7. d4 O-O 8. Bd3 h6
9. O-O b6 10. Bb2 Bb7 11. Rac1 c5 12. cxd5 Nxd5 13. Nxd5 exd5 14. Rfd1 Rc8 15.
Qe2 Bf6 16. Bf5 g6 17. Bxd7 Qxd7 18. dxc5 Bxb2 19. c6 Rxc6 20. Qxb2 Rxc1 21.
Rxc1 Rc8 22. Rxc8+ Bxc8 23. Qc3 Qf5 24. h3 Qb1+ 25. Kh2 Bf5 26. Qd2 Be6 27. Nd4
Qe4 28. Nc6 Bd7 29. Nd4 Qe5+ 30. Kg1 Qc7 31. Qb2 Qc5 32. Nf3 Be6 33. Nd4 Bd7 34.
Nf3 Be6 35. b4 Qc4 36. a3 a5 37. bxa5 bxa5 38. Nd4 a4 39. Qb8+ Kh7 40. Qd6 Kg7
41. Kh2 Bc8 42. Qe5+ Kh7 43. Qe7 Kg7 44. Qd6 Kh7 45. Nc6 Be6 46. Ne7 Qc2 47. Qb8
Kg7 48. Qe5+ Kh7 49. Qb8 Kg7 50. Qg8+ Kf6 51. Qf8 Qxf2 52. Ng8+ Kf5 53. Qc5 Qb2
54. Nxh6+ Ke4 55. Ng8 Qe5+ 56. Kg1 Kd3 57. Qb5+ Kd2 58. Qxa4 Qxe3+ 59. Kh1 d4
60. Qa5+ Ke2 61. Qb5+ d3 62. a4 Kf2 63. Qb2+ d2 64. Qf6+ Ke2 65. Qb2 Kf2 66.
Qf6+ Bf5 67. Qh4+ Kf1 68. Qc4+ Bd3 69. Qxf7+ Qf2 0-1

[Event "Prague Int Open 2026"]
[Site "Prague CZE"]
[Date "2026.03.02"]
[Round "5.16"]
[White "Chakrabarty, Reyaansh"]
[Black "Agdestein, Simen"]
[Result "1/2-1/2"]
[WhiteTitle "FM"]
[BlackTitle "GM"]
[WhiteElo "2272"]
[BlackElo "2562"]
[WhiteFideId "3256944"]
[BlackFideId "1500015"]
[EventDate "2026.02.26"]

1. e4 c5 2. Nf3 d6 3. d4 cxd4 4. Nxd4 Nf6 5. Nc3 a6 6. Be3 Nbd7 7. f3 g6 8. Qd2
h5 9. Be2 Nb6 10. O-O-O Qc7 11. e5 Nfd7 12. e6 Ne5 13. exf7+ Nxf7 14. Qd3 Bh6
15. Bxh6 Rxh6 16. Qe3 Bd7 17. Ne6 Bxe6 18. Qxe6 g5 19. Nd5 Nxd5 20. Qxd5 e6 21.
Qd4 d5 22. Kb1 O-O-O 23. c4 e5 24. Qa7 d4 25. c5 e4 26. c6 Rxc6 27. Rxd4 Rxd4
28. Qxd4 exf3 29. Bxf3 Rc4 30. Qg7 Qf4 31. Rd1 Kb8 32. a3 g4 33. Bd5 Qf5+ 34.
Ka2 Rc7 35. Qf8+ Ka7 36. Bb3 Qg6 37. Re1 Qd6 38. Qxd6 Nxd6 39. Re5 Rh7 40. Re6
Nb5 41. Bc2 Rd7 42. Rh6 Rd2 43. Kb1 Rxg2 44. Rxh5 Nd4 45. Be4 Nf3 46. Kc1 Re2
47. Bd5 Rxh2 48. Rxh2 Nxh2 49. Kd2 b5 50. b4 Kb6 51. Ke3 Nf1+ 52. Kf4 g3 53. Bg2
Nd2 54. Kxg3 Nb1 55. Be4 Nxa3 56. Kf2 a5 57. bxa5+ Kxa5 58. Ke2 b4 59. Kd2 Ka4
60. Bd5 Nb1+ 61. Kc2 Nc3 62. Bf7 Ka3 63. Bg8 1/2-1/2

[Event "Prague Int Open 2026"]
[Site "Prague CZE"]
[Date "2026.03.03"]
[Round "6.1"]
[White "Krzyzanowski, Marcin"]
[Black "Stalmach, Richard"]
[Result "1/2-1/2"]
[WhiteTitle "GM"]
[BlackTitle "IM"]
[WhiteElo "2494"]
[BlackElo "2408"]
[WhiteFideId "1132199"]
[BlackFideId "372048"]
[EventDate "2026.02.26"]

1. e4 c5 2. Nf3 d6 3. Bb5+ Bd7 4. Bxd7+ Qxd7 5. c4 Nc6 6. Nc3 g6 7. d4 cxd4 8.
Nxd4 Nf6 9. O-O Bg7 10. Nf3 O-O 11. h3 Rfc8 12. Qe2 Qe6 13. Bd2 a6 14. Nd5 Nd7
15. Rac1 Nd4 16. Nxd4 Bxd4 17. b3 Rab8 18. Rfe1 Bg7 19. Bg5 Nf6 20. Qd3 b5 21.
cxb5 Rxc1 22. Rxc1 axb5 23. Bxf6 Bxf6 24. Rc7 Qe5 25. g3 Ra8 26. Rc2 Rb8 27. Kg2
Kg7 28. Nb4 Ra8 29. Qd5 Qxd5 30. exd5 Bd4 31. Nc6 Bf6 32. Kf3 Kf8 33. Ke4 Ke8
34. Nb4 Kd7 35. Rc6 Ra5 36. f4 e6 37. g4 Bh4 38. f5 gxf5+ 39. gxf5 Be1 40. fxe6+
fxe6 41. dxe6+ Kxe6 42. Nd3 Rxa2 43. Rb6 b4 44. Nxe1 Re2+ 45. Kd3 Rxe1 46. Rxb4
h5 47. Re4+ Rxe4 48. Kxe4 h4 49. Kd4 Kd7 50. Kd5 Kc7 51. b4 Kb6 52. Kxd6 Kb5 53.
Ke5 Kxb4 54. Kf4 Kc5 55. Kg4 Kd6 56. Kxh4 Ke5 1/2-1/2

[Event "Prague Int Open 2026"]
[Site "Prague CZE"]
[Date "2026.03.03"]
[Round "6.2"]
[White "Smolik, Jachym"]
[Black "Mayank, Chakraborty"]
[Result "0-1"]
[WhiteTitle "FM"]
[BlackTitle "IM"]
[WhiteElo "2401"]
[BlackElo "2473"]
[WhiteFideId "23701641"]
[BlackFideId "25659766"]
[EventDate "2026.02.26"]

1. d4 Nf6 2. c4 e6 3. Nc3 Bb4 4. e3 O-O 5. Bd2 d5 6. Nf3 b6 7. cxd5 exd5 8. Bd3
Bd6 9. O-O Re8 10. Qc2 c5 11. dxc5 bxc5 12. Nb5 Be7 13. b3 Bb7 14. Rad1 Nc6 15.
a3 h6 16. Bc1 Qb6 17. Nc3 Na5 18. Nd2 Bc6 19. Na4 Bxa4 20. bxa4 Rab8 21. Bb5
Red8 22. e4 a6 23. Be2 Qe6 24. exd5 Qxe2 25. Rde1 Qg4 26. Rxe7 Nxd5 27. Re4 Nf4
28. g3 Ne2+ 29. Kg2 Qg6 30. f3 Nf4+ 31. Kh1 Nd3 32. Qc3 Nxc1 33. Rxc1 Qb6 34.
Rg4 Qb2 35. Nc4 Rd1+ 0-1

[Event "Prague Int Open 2026"]
[Site "Prague CZE"]
[Date "2026.03.03"]
[Round "6.3"]
[White "Ioannidis, Evgenios"]
[Black "Bulmaga, Irina"]
[Result "1-0"]
[WhiteTitle "GM"]
[BlackTitle "IM"]
[WhiteElo "2469"]
[BlackElo "2395"]
[WhiteFideId "4229274"]
[BlackFideId "13903063"]
[EventDate "2026.02.26"]

1. c4 e6 2. Nc3 d5 3. d4 Nf6 4. cxd5 exd5 5. Bg5 c6 6. e3 h6 7. Bh4 Be7 8. Bd3
O-O 9. Nge2 Ne8 10. Bg3 Nd6 11. Qc2 a5 12. O-O Re8 13. f3 Na6 14. a3 Nc4 15.
Bxc4 dxc4 16. Rad1 b5 17. d5 Bc5 18. Kh1 Ra7 19. dxc6 Qb6 20. Nd4 Bxd4 21. exd4
Qxc6 22. d5 Qd7 23. Qf2 Ra8 24. Qb6 b4 25. Ne4 Rf8 26. Qxa5 f5 27. Nc5 Nxc5 28.
Qxa8 Bb7 29. Qa7 Nd3 30. axb4 Qxd5 31. Qa5 Qe6 32. b3 Bd5 33. bxc4 Bxc4 34. Qc7
f4 35. Bf2 Re8 36. Bg1 Kh7 37. Ra1 Re7 38. Qb6 Qe2 39. Qd4 Re6 40. h3 Rg6 41.
Bf2 Bb5 42. Rad1 Ba6 43. Kh2 Bb5 44. h4 Ba6 45. Rde1 Nxe1 46. Rxe1 Qc4 47. Qxc4
Bxc4 48. Bd4 Re6 49. Rc1 Rc6 50. Bc5 Be2 51. Re1 Bb5 52. Re7 Rg6 53. Kg1 Bc6 54.
Kf2 h5 55. Bd4 Rd6 56. Rxg7+ Kh6 57. Rc7 Bb5 58. Be5 Rd2+ 59. Kg1 Rd1+ 60. Kh2
Kg6 61. Rg7+ Kh6 62. Rg5 1-0

[Event "Prague Int Open 2026"]
[Site "Prague CZE"]
[Date "2026.03.03"]
[Round "6.4"]
[White "Ostensen, Nicolai Maxime"]
[Black "Zhao, Yuanhe"]
[Result "1/2-1/2"]
[WhiteTitle "FM"]
[BlackTitle "IM"]
[WhiteElo "2380"]
[BlackElo "2466"]
[WhiteFideId "1546970"]
[BlackFideId "8609497"]
[EventDate "2026.02.26"]

1. e4 c5 2. Nf3 a6 3. c3 d5 4. exd5 Qxd5 5. d4 Nf6 6. Be2 cxd4 7. cxd4 e6 8. Nc3
Qd8 9. O-O Nc6 10. Bf4 Be7 11. Rc1 O-O 12. a3 Nd5 13. Bg3 Nxc3 14. Rxc3 Bf6 15.
Be5 Bd7 16. Qb3 Bxe5 17. dxe5 Qb8 18. Rd1 Nxe5 19. Nxe5 Qxe5 20. Rxd7 Qxe2 21.
Re3 Qh5 22. Rxb7 1/2-1/2

[Event "Prague Int Open 2026"]
[Site "Prague CZE"]
[Date "2026.03.03"]
[Round "6.5"]
[White "Gloeckler, Christian"]
[Black "Korszanski, Stanislaw"]
[Result "1-0"]
[WhiteTitle "IM"]
[BlackTitle "CM"]
[WhiteElo "2444"]
[BlackElo "2175"]
[WhiteFideId "34608966"]
[BlackFideId "21059470"]
[EventDate "2026.02.26"]

1. Nf3 Nf6 2. c4 b6 3. g3 Bb7 4. Bg2 g6 5. O-O Bg7 6. d4 O-O 7. d5 e6 8. Nc3
exd5 9. cxd5 Re8 10. Nd4 Na6 11. Ndb5 d6 12. e4 Nc5 13. Re1 Qd7 14. f3 a6 15.
Na3 b5 16. Nc2 a5 17. Ne2 b4 18. Nf4 b3 19. Ne3 a4 20. Bd2 a3 21. axb3 axb2 22.
Rb1 g5 23. Ne2 g4 24. Bc3 gxf3 25. Bxf3 Ncxe4 26. Bxb2 Ra2 27. Nf4 Ng5 28. Bg2
Nxd5 29. Bxd5 Bxd5 30. Qxd5 Nh3+ 31. Nxh3 Qxh3 32. Nc4 Rb8 33. Qg5 f6 34. Qd5+
Kh8 35. Re7 Rg8 36. Qf7 Qf5 37. Rf1 Qc5+ 38. Rf2 Qb5 39. Bxf6 1-0

[Event "Prague Int Open 2026"]
[Site "Prague CZE"]
[Date "2026.03.03"]
[Round "6.6"]
[White "Avanesyan, Aleksandr"]
[Black "Haug, Havard"]
[Result "0-1"]
[BlackTitle "FM"]
[WhiteElo "2091"]
[BlackElo "2412"]
[WhiteFideId "13317334"]
[BlackFideId "1547887"]
[EventDate "2026.02.26"]

1. e4 e6 2. d4 d5 3. exd5 exd5 4. Bd3 Nc6 5. c3 Bd6 6. Ne2 Qh4 7. h3 Nge7 8. g3
Qf6 9. Nf4 Bxf4 10. Bxf4 Bxh3 11. Qe2 Bf5 12. Bxf5 Qxf5 13. Bxc7 O-O 14. Bf4
Rfe8 15. Be3 Qe4 16. Qh5 h6 17. Nd2 Qc2 18. O-O Nf5 19. Rfc1 Qd3 20. Nf1 g6 21.
Qd1 Qe4 22. Qc2 h5 23. Qxe4 Rxe4 24. Re1 f6 25. Bd2 Rxe1 26. Rxe1 Kf7 27. Kg2 b5
28. Ne3 Nxe3+ 29. Bxe3 Rb8 30. Rc1 Ne7 31. Kf3 g5 32. Bd2 Nf5 33. Rh1 Kg6 34.
Re1 h4 35. gxh4 Nxh4+ 36. Kg3 Nf5+ 37. Kg2 Kf7 38. b3 Rc8 39. Rc1 g4 40. a3 Re8
41. Bf4 a6 42. Rh1 Kg6 43. Rc1 Re4 44. Bb8 Re2 45. c4 bxc4 46. bxc4 Ne3+ 47. Kg3
Nxc4 48. Kxg4 Rxf2 49. Bf4 Rg2+ 50. Kf3 Ra2 51. Kg4 Rxa3 52. Re1 Rd3 53. Re8
Rxd4 54. Rg8+ Kf7 55. Ra8 Ne5+ 56. Kf5 Ng6 57. Bd6 Nh4# 0-1